000 00869cam a22002897a 4500
001 2796
005 20250826142845.0
020 _a0439253349
040 _aDLC
_cDLC
_dDLC
_beng
050 0 0 _aPZ73.M87
_b2002
082 0 0 _a823.9
100 1 _aMurphy, Mary
_d1961-
245 1 0 _aI like it when-- /
_cMurphy, Mary
250 _aFirst Scholastic printing, December 2000
260 _aNew York :
_bScholastic,
_c1997
300 _a23 unnumbered pages :
_bcolor illustrations ;
_c21 cm
505 _aD
520 _aA little penguin shares its favorite things with the one it loves most.
521 1 _a180
_bLexile
521 1 _aD
_bRaz-Plus
650 0 _aBoard books.
650 1 _aPenguins
_xFiction.
650 1 _aParent and child
_xFiction.
650 1 _aBoard books.
906 _a7
_bcbc
_corigcop
_d2
_encip
_f20
_gy-gencatlg
942 _2ddc
_cBK
_n0
999 _c2796
_d2796